SHAZAM! Blitz Quiz Stats

 Plays Quiz Updated Apr 5, 2019

Score 0/6 Timer 00:30
1 Play Today
Question Answer Wrong Answers
The Strength of...
H
Hercules
94%
Hestia
2.3%
Hades
2.8%
The Power of...
Z
Zeus
93.9%
Zorro
2%
Zao Shen
1%
The Speed of...
M
Mercury
88.5%
Methuselah
3.3%
Marduk
2.3%
The Courage of...
A
Achilles
87.9%
Amun
2.1%
Aslan
5.2%
The Wisdom of...
S
Solomon
81.8%
Shiva
11.6%
Sekhmet
6.5%
The Stamina of...
A
Atlas
80.9%
Anansi
2.5%
Ares
15.2%

You're not logged in!

Compare scores with friends on all Sporcle quizzes.
OR
Log In

Show Comments

Extras

Top Quizzes Today


Score Distribution

Your Account Isn't Verified!

In order to create a playlist on Sporcle, you need to verify the email address you used during registration. Go to your Sporcle Settings to finish the process.

Report this User

Report this user for behavior that violates our Community Guidelines.

Details: